000 01650nam a2200337Ia 4500
001 H9580
003 IT-RoPAU
008 130308s9999 xx 000 0 und d
040 _aIT-RoPAU
040 _cIT-RoPAU
041 _aITALIANO
100 _aKhuon Ernst Von
100 _gCodice Aut. SPICS: 59855
240 _aKULTUREN, VOLKER UND REICHE VERGANGENER ZEITEN
240 _gCodice Tit. Orig. Spics: T3842
245 _aGrande libro delle civiltà dalla preistoria ai grandi imperi (Il)
245 _bGrande Libro delle Civilta' Dalla Preistoria Ai Grandi imperi (Il)
250 _a1a ed.
260 _aMILANO
260 _bVallardi
260 _c1979 [1° Ed.:1979 - Ed.Ling.Originale:1972]
300 _a"248 p. (prefazione: no ; testo: 248 [pagine: 0-0])"
500 _aEtà della Pietra. Età del Bronzo e del Ferro. Favolose ricchezze degli Antichi Principi di Mesopotamia. Antico Egitto. Ittiti, Fenici, Ebrei. Persia impero del Re dei Re. Creta e Micene Piu' Antiche Civiltà del Mar Egeo. Immortale splendore dell'antica Grecia. Misteriose Origini degli Etruschi. Antica Roma. impero Bizantino. Longobardi, Franchi e Normanni. sotto verde Bandiera dell'Islam. Antica grandezza dei Re dell'Africa Nera. India tra Induismo e Buddismo. vecchia Cina Dietro Gigantesca Muraglia. solitario Enigmatico Giappone. molteplici Culture Nei mari del Sud. Americhe. Atlante.
650 _aSTORIA UNIVERSALE DELLE ARTI VISIVE
650 _eCodice materia Spics: 5009
700 _aGarobbio AurelioVallardi Emanuela
700 _gCodice Aut. SPICS: 59853Codice Aut. SPICS: 59854
942 _cBK
957 _71
999 _c90637
_d90637
999 _g1